书目信息 |
| 题名: |
黄侃手批白文十三经
|
|
| 作者: | 黄侃校 著 | |
| 分册: | ||
| 出版信息: | 上海 上海古籍出版社 1983.1 |
|
| 页数: | ||
| 开本: | 大32 | |
| 丛书名: | ||
| 单 册: | ||
| 中图分类: | Z126.2 | |
| 科图分类: | ||
| 主题词: | ||
| 电子资源: | ||
| ISBN: | ||
| 000 | 00474nam0 2200169 45 | |
| 001 | 0181014508 | |
| 005 | 20070726143913.51 | |
| 010 | @dCNY9.80 | |
| 100 | @a20810111d km y0chiy0120 ea | |
| 101 | 0 | @achi |
| 200 | 1 | @Ahuang kan shou pi bai uen shi san jing@Fhuang kan jiao@a黄侃手批白文十三经@f黄侃校著 |
| 210 | @a上海@c上海古籍出版社@d1983.1 | |
| 215 | @c无图表@d大32 | |
| 690 | @aZ126.2 | |
| 701 | 0 | @a黄侃校@4著 |
| 801 | @aCN@bTSTC@c20070726 | |
| 905 | @dZ126.2@e14@f1@b104473 | |
| 黄侃手批白文十三经/黄侃校著.-上海:上海古籍出版社,1983.1 |
| 无图表;大32 |
| ISBN :CNY9.80 |
| ● |
| 相关链接 |
|
|
|
|
正题名:黄侃手批白文十三经
索取号:Z126.2/14
 
预约/预借
| 序号 | 登录号 | 条形码 | 馆藏地/架位号 | 状态 | 备注 |
| 1 | 0104473 | 202125823 | 第二样本阅览室/ [索取号:Z126.2/14] | 在馆 | |
| 2 | 0174848 | 001468842 | 密集书库/ [索取号:Z126.2/14] | 在馆 | |
| 3 | 0174849 | 001468851 | 工具书阅览室/ [索取号:Z126.2/14] | 在馆 | |
| 4 | 0783133 | 207831337 | 第三借阅区/ [索取号:Z126.2/14] | 在馆 |